000 00555nam a2200193Ia 4500
005 20260429112033.0
008 260429s9999||||xx |||||||||||||| ||und||
020 _a9781804896648
041 _aEnglish
082 _a338.4791
_bLYO
100 _aLyon, Abigail
245 0 _aApplied business tools and technology in tourism /
_cAbigail Lyon
260 _aUnited Kingdom :
_bBrilliant Publication Ltd. ,
_c2026.
300 _ax, 294 p.; hb
650 _a Business technology
650 _a Hospitality
650 _aTourism management
942 _cTB
999 _c52016
_d52016